000
00332 a2200157 4500
001
57278
020
_a
8532252265
040
_c
Anchieta - Pituba
100
_a
Prieto, Heloisa
240
1
0
_a
32 casos de amor
_l
por
245
1
0
_a
32 casos de amor
300
_a
91
362
0
_a
2004
650
4
_a
Literatura juvenil
942
_c
BK
999
_c
57278
_d
57278